| Tag |
First Indicator |
Second Indicator |
Subfields |
| LEADER |
00000cam a2200000 a 4500 |
| 001 |
in00000979639 |
| 005 |
20150927081311.0 |
| 008 |
920516s1980 txu b 000 0 eng d |
| 035 |
|
|
|a (OCoLC)25831404
|
| 035 |
|
|
|9 AEV9177AM
|
| 040 |
|
|
|a TXA
|c TXA
|d UtOrBLW
|
| 043 |
|
|
|a n-us-tx
|
| 049 |
|
|
|a TXAM
|
| 090 |
|
|
|a HD1390.5
|b .G86 1980
|
| 100 |
1 |
|
|a Guntermann, Karl L.
|
| 245 |
1 |
4 |
|a The efficiency of the single-family housing market /
|c by Karl L. Guntermann.
|
| 264 |
|
1 |
|a [Texas] :
|b [publisher not identified],
|c [1980]
|
| 300 |
|
|
|a 46 leaves :
|b map ;
|c 28 cm.
|
| 336 |
|
|
|a text
|b txt
|2 rdacontent
|
| 337 |
|
|
|a unmediated
|b n
|2 rdamedia
|
| 338 |
|
|
|a volume
|b nc
|2 rdacarrier
|
| 500 |
|
|
|a "Submitted to the Research Division of the Texas Real Estate Research Center".
|
| 500 |
|
|
|a "June 26, 1980".
|
| 650 |
|
0 |
|a Housing, Single family
|z Texas
|z Lubbock
|x Marketing
|x Case studies.
|
| 650 |
|
0 |
|a Real estate business
|z Texas
|z Lubbock
|x Case studies.
|
| 650 |
|
0 |
|a Real property
|z Texas
|z Lubbock
|x Marketing
|x Case studies.
|
| 650 |
|
0 |
|a House buying
|z Texas
|z Lubbock
|x Case studies.
|
| 650 |
|
0 |
|a House selling
|z Texas
|z Lubbock
|x Case studies.
|
| 710 |
2 |
|
|a Texas Real Estate Research Center.
|b Research Division.
|
| 999 |
|
|
|a MARS
|
| 999 |
f |
f |
|s 94db3df2-919d-3ed0-91f2-445682518bc1
|i 9d561717-6038-3950-8a09-bf3e28a7018a
|t 0
|
| 952 |
f |
f |
|p ric
|a Texas A&M University
|b Rellis Campus
|c Joint Library Facility
|d Remote Storage
|t 0
|e HD1390.5 .G86 1980
|h Library of Congress classification
|i unmediated -- volume
|m A14815659942
|
| 998 |
f |
f |
|a HD1390.5 .G86 1980
|t 0
|l Remote Storage
|